000 00903nas a2200253 4500
001 BR0906185
003 BR-BrBNA
005 20231205113507.0
007 ta
008 230509b bl.|||p| |||| 00| 00por d
040 _aBR-BrBNA
_bpor
_cBiblioteca Nacional de Agricultura
041 _a(Pt)
072 _aH10
100 1 _aAlves, V.S.
100 1 _aMoino Junior, A.
245 1 _aDeslocamento vertical de nematóides entomopatogênicos (Rhabditida: Heteroshabditidae)na busca por Dysmicoccus texensis (Tinsley)(Hemiptera: Pseudococcidae)em laboratório e casa-de-vegetação
650 _aCAFÉ
650 _aHEMIPTERO
650 _aCONTROLE BIOLÓGICO
773 0 _tCiência e Agrotecnologia (Brazil)
_xISSN 1413-7054
_g(Jul-Aug 2009), v. 33(4) p. 971-976
_wBR0906185
856 4 0 _uhttp://www.aprh.pt/rgci-155_Borges.pdf
909 _a202311
_bLúcia
_c55
_dLúcia Elande
942 _2AGRIS
_n0
_cANA
999 _c204077
_d204077